Manual of Geological Maps/ (Record no. 2008)
[ view plain ]
| 000 -LEADER | |
|---|---|
| fixed length control field | 00377nam a22001457a 4500 |
| 020 ## - ISBN | |
| International Standard Book Number | 9788123916286 |
| 050 ## - LIBRARY OF CONGRESS CALL NUMBER | |
| Classification Number | QE601.2 |
| Item Number | .G6 1987 |
| 100 ## - MAIN ENTRY--Author | |
| Personal name | Gokhale, Dr. N.W. |
| 245 ## - TITLE | |
| Title | Manual of Geological Maps/ |
| 250 ## - EDITIONSTATEMENT | |
| Edition statement | 1st Edition |
| 260 ## - PUBLICATION, DISTRIBUTION, ETC.(IMPRINT) | |
| Place of publication, distribution, etc | New Delhi |
| Name of publisher, distributor, etc | CBS Publishers and Distributors |
| Date of publication, distribution, etc | 1987 |
| 300 ## - PHYSICAL DESCRIPTION | |
| Extent | xiii, 113p. |
| 650 ## - SUBJECT--TOPIC | |
| Topical term following geographic name as entry element | Manual of Geological Maps |
| 942 ## - ADDED ENTRY ELEMENTS(KOHA) | |
| Koha item type | General circulation |
| Source of classification or shelving scheme | Not for loan | Location (home branch) | Sublocation (holding branch) | Date accessioned | Cost, normal purchase price | Full call number | Barcode | Copy number | Cost, replacement price | Nonpublic note | Koha item type | Public note |
|---|---|---|---|---|---|---|---|---|---|---|---|---|
| Library of Congress Classification | Main Campus Library | Main Campus Library | 27/08/2014 | 221.85 | QE601.2 .G6 1987 | 2019/022851 | C.1 | 721.00 | BONNIE | General circulation | BONNIE | |
| Library of Congress Classification | Main Campus Library | Main Campus Library | 27/08/2014 | 221.85 | QE601.2 .G6 1987 | 2019/022853 | C.2 | 721.00 | BONNIE | General circulation | BONNIE | |
| Library of Congress Classification | Main Campus Library | Main Campus Library | 27/08/2014 | 221.85 | QE601.2 .G6 1987 | 2019/022854 | C.3 | 721.00 | Rono | General circulation | Rono | |
| Library of Congress Classification | Main Campus Library | Main Campus Library | 27/08/2014 | 221.85 | QE601.2 .G6 1987 | 2019/022852 | C.4 | 721.00 | Rono | General circulation | Rono |